| 000 | 00000nam 2200000zi 4500 |
| 001 | 9.944029 |
| 003 | CaOODSP |
| 005 | 20250128151155 |
| 006 | m o d f |
| 007 | cr mn||||||||| |
| 008 | 241010t20252025onca ob f000 0 fre d |
| 020 | |a9780660739885 |
| 040 | |aCaOODSP|bfre|erde|cCaOODSP |
| 043 | |an-cn--- |
| 086 | 1 |aSG5-105/2024F-PDF |
| 245 | 00|aComment la technologie civique peut-elle aider à améliorer la prestation des services gouvernementaux? |
| 264 | 1|a[Ottawa] : |bEmploi et deĢveloppement social Canada = Employment and Social Development Canada, |c2025. |
| 264 | 4|c©2025 |
| 300 | |a1 ressource en ligne (50 pages) : |billustrations (principalement en couleur) |
| 336 | |atexte|btxt|2rdacontent/fre |
| 337 | |ainformatique|bc|2rdamedia/fre |
| 338 | |aressource en ligne|bcr|2rdacarrier/fre |
| 500 | |aPublié aussi en anglais sous le titre : How can civic tech help improve government service delivery? |
| 500 | |a« 2025 - 01 - 23 » -- Couverture. |
| 500 | |a« Le Service numérique canadien (SNC) fait partie l'Emploi et deĢveloppement social Canada » -- Fourni par l'éditeur. |
| 504 | |aComprend des références bibliographiques. |
| 650 | 6|aAdministration publique en ligne|zCanada|xParticipation des citoyens. |
| 650 | 6|aAdministration publique|xParticipation des citoyens|xInnovations|zCanada. |
| 710 | 2 |aService numérique canadien, |eorganisme de publication. |
| 775 | 08|tHow can civic tech help improve government service delivery?|w(CaOODSP)9.944028 |
| 856 | 40|qPDF|s3.78 Mo|uhttps://publications.gc.ca/collections/collection_2025/edsc-esdc/SG5-105-2024-fra.pdf |